000 00380nam a2200145 i 4500
001 bg
100 1 _aJANUSZEWSKI, Jacek
245 0 _aRadiolokacyjny system nawigacyjny Loran-C /
_cJacek Januszewski, Marek Szymański.
260 _aGdynia,
_c1977.
700 1 _aSZYMAŃSKI, Marek
040 _cBPK
041 _apol
942 _cKS
008 s pl f |000 0 pol
999 _c17448
_d17448
856 _uhttp://koha.tu.koszalin.pl/cgi-bin/koha/opac-detail.pl?biblionumber=17448
_yKatalog online BPK